[Event "24e tournoi de Noël"]
[Site "Montigny le Bretonneux"]
[Date "2025.12.??"]
[Round "4.8"]
[White "Chakour, Samir"]
[Black "Salagnac, Sowan"]
[Result "0-1"]
[WhiteElo "1652"]
[BlackElo "1775"]
[Annotator "Rivier,Sylvain"]
[PlyCount "77"]
[EventDate "2025.??.??"]
[WhiteTeam "Saint-Quentin en Yvelines"]
[BlackTeam "Saint-Quentin en Yvelines"]

{Partie du pion dame} 1. d4 d5 2. Bf4 Nf6 3. Nf3 e6 4. c3 Bd6 5. Ne5 O-O 6. e3
c5 7. Nd2 Nc6 8. Ndf3 Ne4 9. Bd3 f6 10. Nxc6 bxc6 11. O-O a5 12. Qc2 Ba6 13. c4
Bxf4 14. exf4 Qd6 15. g3 cxd4 16. Bxe4 dxe4 17. Qxe4 Bxc4 18. Rfc1 Bd5 19. Qxd4
Rfd8 20. Rd1 Qc7 21. Qe3 Qb7 22. b3 a4 23. bxa4 Rxa4 24. a3 Rda8 25. Nd2 Qa6
26. Nb1 Rb8 27. Rd3 Re4 28. Qd2 Rb2 29. Qc3 Rc4 30. Rxd5 cxd5 31. Qxb2 Rc1+ 32.
Kg2 Qf1+ 33. Kf3 Qh1+ 34. Kg4 h5+ 35. Kh3 Qf1+ 36. Kh4 Qg1 37. Qb8+ Kh7 38. Qb2
Kh6 39. Qd2 0-1

[Event "24e tournoi de Noël"]
[Site "Montigny le Bretonneux"]
[Date "2025.12.28"]
[Round "4.9"]
[White "Corbeau, Lou"]
[Black "Legranger, Thimote"]
[Result "0-1"]
[WhiteElo "1750"]
[BlackElo "1748"]
[Annotator "Rivier,Sylvain"]
[PlyCount "76"]
[EventDate "2025.??.??"]
[WhiteTeam "C'Chartres Echecs"]
[BlackTeam "Cergy Pontoise Echecs"]

{Ouverture catalane, variante Sokolsky} 1. d4 d5 2. c4 e6 3. Nf3 c6 4. g3 Nf6
5. Nbd2 Nbd7 6. Bg2 Be7 7. O-O O-O 8. Qc2 Re8 9. b3 dxc4 10. Nxc4 c5 11. Bb2
Rb8 12. Rfd1 b5 13. Nce5 Qb6 14. Ng5 c4 15. Nc6 h6 16. Nxb8 Qxb8 17. Nf3 Bb7
18. Nd2 Rc8 19. Bxb7 Qxb7 20. bxc4 bxc4 21. Rab1 Qa6 22. Rdc1 c3 23. Nf3 Nb6
24. Bxc3 Ba3 25. Rd1 Nbd5 26. Rb3 Bb4 27. Rc1 Nxc3 28. Rxb4 Nxe2+ 29. Kg2 Rxc2
30. Rxc2 Nd5 31. Rb3 Nec3 32. Rcb2 Ne4 33. Ne5 Nb6 34. Nd3 Qb7 35. Kg1 Qd5 36.
Rb4 Ng5 37. Nf4 Qe4 38. Re2 Nh3+ 0-1

[Event "24e tournoi de Noël"]
[Site "Montigny le Bretonneux"]
[Date "2025.12.28"]
[Round "4.10"]
[White "Abdallaoui, Mohamed Mehdi"]
[Black "Esch, Lars"]
[Result "1-0"]
[WhiteElo "1721"]
[BlackElo "1399"]
[Annotator "Rivier,Sylvain"]
[PlyCount "81"]
[EventDate "2025.??.??"]
[WhiteTeam "Club d'Echecs de Guyancourt"]

{Défense sicilienne} 1. Nf3 c5 2. e4 d6 3. Bc4 Nf6 4. d3 e6 5. Qe2 Be7 6. e5
dxe5 7. Nxe5 O-O 8. Nd2 Qc7 9. O-O b6 10. Re1 Nc6 11. Nef3 Bb7 12. c3 Rad8 13.
Ng5 Bc8 14. Nde4 Nd5 15. Ng3 Rfe8 16. Qh5 Bxg5 17. Bxg5 Nde7 18. Ne4 f5 19. Ng3
h6 20. Bxe7 Rxe7 21. Nxf5 Rf7 22. Re3 exf5 23. Rae1 Kf8 24. Qg6 Re7 25. Rxe7
Qxe7 26. Rxe7 Kxe7 27. Qxc6 Bd7 28. Qg6 Re8 29. Kf1 f4 30. Qxg7+ Kd8 31. Qf6+
Kc8 32. Ba6+ Kc7 33. c4 f3 34. Qf4+ Kd8 35. Qxf3 Kc7 36. Qf4+ Kd8 37. h4 h5 38.
Qd6 Re6 39. Qb8+ Ke7 40. Qxa7 Ke8 41. Bb5 1-0

[Event "24e tournoi de Noël"]
[Site "Montigny le Bretonneux"]
[Date "2025.12.28"]
[Round "4.11"]
[White "Couradin, Jean-Marie"]
[Black "Fayolle, Guy"]
[Result "1-0"]
[WhiteElo "1628"]
[BlackElo "1708"]
[Annotator "Rivier,Sylvain"]
[PlyCount "59"]
[EventDate "2025.??.??"]
[WhiteTeam "La Dame Noire"]
[BlackTeam "Saint-Quentin en Yvelines"]

{Ouverture anglaise} 1. e4 e5 2. c4 Nf6 3. Nc3 Bc5 4. h3 Nc6 5. Nge2 O-O 6. g3
d6 7. Bg2 a5 8. O-O Be6 9. d3 h6 10. Kh2 Nd4 11. f4 Nxe2 12. Qxe2 exf4 13. Bxf4
c6 14. Rad1 Bd4 15. e5 dxe5 16. Bxe5 Bxe5 17. Qxe5 Nd7 18. Qf4 Qb6 19. Qf2 Qc7
20. b3 Rad8 21. d4 Nf6 22. Qf3 b6 23. Qxc6 Qb8 24. Qb7 Qd6 25. Qf3 Qb4 26. d5
Bc8 27. Ne4 Nxe4 28. Qxe4 f5 29. Qf4 g5 30. Qd2 {suite illisible} 1-0

[Event "24e tournoi de Noël"]
[Site "Montigny le Bretonneux"]
[Date "2025.12.28"]
[Round "4.12"]
[White "Gauthier, Laurent"]
[Black "Imbert, Christophe"]
[Result "0-1"]
[WhiteElo "1804"]
[BlackElo "1924"]
[Annotator "Rivier,Sylvain"]
[PlyCount "104"]
[EventDate "2025.??.??"]
[WhiteTeam "Les Tours d'Angoulême"]
[BlackTeam "Club d'Echecs du Vesinet"]

{Partie écossaise} 1. e4 e5 2. Nf3 Nc6 3. d4 exd4 4. Nxd4 Nf6 5. Nxc6 bxc6 6.
Bd3 d5 7. O-O dxe4 8. Re1 Be7 9. Bc4 Qxd1 10. Rxd1 Bc5 11. Bg5 O-O 12. Nc3 Bf5
13. h3 Rfe8 14. Na4 Bd6 15. Be3 Nd7 16. Bb3 Be6 17. c4 c5 18. Nc3 f5 19. Nb5
Be5 20. g3 a6 21. Nc3 c6 22. Na4 a5 23. Rab1 Bc7 24. Bxc5 f4 25. g4 Ne5 26. Bd6
Bxd6 27. Rxd6 Rab8 28. Rc1 Nd3 29. Rc2 f3 30. Rd2 Bf7 31. R6xd3 exd3 32. Rxd3
h5 33. Rxf3 Re1+ 34. Kh2 h4 35. Nc5 Rbe8 36. Kg2 Bg6 37. Rf4 Rf8 38. Nd3 Rxf4
39. Nxf4 Bf7 40. Nd3 Ra1 41. a3 Rb1 42. Bc2 Ra1 43. Ne5 Ra2 44. Nxc6 Rxb2 45.
Bd3 Rb3 46. Ne5 Rxa3 47. c5 Rc3 48. f4 Rxc5 49. g5 Bd5+ 50. Kf2 a4 51. g6 a3
52. Bb1 Rc1 0-1

[Event "24e tournoi de Noël"]
[Site "Montigny le Bretonneux"]
[Date "2025.12.28"]
[Round "4.13"]
[White "Fasquelle, Cedric"]
[Black "Julien Maigne, Marius"]
[Result "1-0"]
[WhiteElo "1812"]
[BlackElo "1299"]
[Annotator "Rivier,Sylvain"]
[PlyCount "55"]
[EventDate "2025.??.??"]
[WhiteTeam "Saint-Quentin en Yvelines"]
[BlackTeam "La Dame Noire"]

{Défense sicilienne, attaque yougoslave} 1. e4 c5 2. Nf3 Nc6 3. d4 cxd4 4.
Nxd4 Nf6 5. Nc3 g6 6. Be3 Bg7 7. f3 d6 8. Qd2 h6 9. Bc4 e6 10. Nxc6 bxc6 11.
O-O-O d5 12. exd5 cxd5 13. Bb3 Bb7 14. h4 Nd7 15. Bd4 e5 16. Bf2 d4 17. Ne4 Nb6
18. Qb4 Rc8 19. Nd6+ Kd7 20. Nxb7 Qe7 21. Qb5+ Kc7 22. Na5 Qd7 23. Qxd7+ Nxd7
24. Bxf7 Kb6 25. Nb3 g5 26. Be6 Rhd8 27. hxg5 hxg5 28. Rh7 1-0

[Event "24e tournoi de Noël"]
[Site "Montigny le Bretonneux"]
[Date "2025.12.28"]
[Round "4.14"]
[White "Dufrene, Jad"]
[Black "Meddour, Ithri"]
[Result "1-0"]
[WhiteElo "1399"]
[BlackElo "1645"]
[Annotator "Rivier,Sylvain"]
[PlyCount "121"]
[EventDate "2025.??.??"]
[WhiteTeam "La Dame Noire"]
[BlackTeam "Saint-Quentin en Yvelines"]

{Défense sicilienne} 1. e4 e6 2. b3 c5 3. c4 d5 4. exd5 exd5 5. cxd5 Nf6 6.
Nc3 Be7 7. Bc4 a6 8. a4 b6 9. Nf3 Bb7 10. O-O Nxd5 11. Bb2 O-O 12. Re1 Nb4 13.
Ne4 Bd5 14. d3 Bxc4 15. dxc4 Nd3 16. Re2 Nxb2 17. Rxb2 Nc6 18. Rd2 Qb8 19. Qc2
f5 20. Neg5 Nd4 21. Qc3 Bf6 22. Nxd4 Bxd4 23. Qh3 h6 24. Ne6 Bxa1 25. Rd7 Qe5
26. Rxg7+ Qxg7 27. Nxg7 Bxg7 28. Qf3 Rad8 29. h3 Rd2 30. Qc6 Be5 31. Kf1 Bc3
32. Qxb6 Rf6 33. Qb8+ Kg7 34. Qg3+ Kf7 35. Qxc3 Rfd6 36. Ke1 Ra2 37. g3 Re6+
38. Kf1 Ree2 39. Qf3 Re5 40. Qh5+ Ke7 41. Qxh6 Ree2 42. Qf4 Reb2 43. Qxf5 Rxb3
44. Qxc5+ Kf7 45. Qa7+ Kf6 46. Qxa6+ Ke5 47. Qa5+ Kd4 48. Qd5+ Kc3 49. h4 Rxa4
50. Ke2 Ra2+ 51. Kf1 Rbb2 52. Qf3+ Kxc4 53. h5 Kd4 54. h6 Rb1+ 55. Kg2 Raa1 56.
Qf4+ Kd5 57. h7 Rh1 58. Qf7+ Ke4 59. Qg6+ Ke5 60. Qg7+ Ke4 61. Qxa1 1-0

[Event "24e tournoi de Noël"]
[Site "Montigny le Bretonneux"]
[Date "2025.12.28"]
[Round "4.15"]
[White "Un, Prathna"]
[Black "Julien, Emilie"]
[Result "0-1"]
[WhiteElo "1399"]
[BlackElo "1625"]
[Annotator "Rivier,Sylvain"]
[PlyCount "76"]
[EventDate "2025.??.??"]
[WhiteTeam "La Dame Noire"]
[BlackTeam "La Dame Noire"]

{Défense française, variante d'avance} 1. e4 e6 2. Nf3 d5 3. e5 c5 4. c3 Nc6
5. Bb5 Bd7 6. d4 Qb6 7. Na3 Nge7 8. Be3 Nf5 9. Qe2 c4 10. Bg5 Bxa3 11. Bxc6
Bxc6 12. bxa3 O-O 13. O-O Qc7 14. Nh4 Ne7 15. Qg4 Rae8 16. Bh6 Ng6 17. Nxg6
fxg6 18. Bg5 Qa5 19. Qh4 Qxc3 20. Be7 Rf5 21. Rfe1 Rh5 22. Qg4 Rxe7 23. Rac1
Qxa3 24. Rc2 Rf5 25. Re3 Qb4 26. Kf1 Qb1+ 27. Re1 Qxc2 28. Qh4 Ref7 29. Re2
Qb1+ 30. Re1 Qxa2 31. f3 c3 32. Re2 Bb5 33. Qe1 Bxe2+ 34. Qxe2 Qxe2+ 35. Kxe2
Rc7 36. Kd1 b5 37. Kc2 Rc4 38. h3 Rf4 0-1

[Event "24e tournoi de Noël"]
[Site "Montigny le Bretonneux"]
[Date "2025.12.28"]
[Round "4.16"]
[White "Foveau, Guillaume"]
[Black "Naamane, Adem"]
[Result "1-0"]
[WhiteElo "1598"]
[BlackElo "1299"]
[Annotator "Rivier,Sylvain"]
[PlyCount "97"]
[EventDate "2025.??.??"]
[WhiteTeam "La Dame Noire"]
[BlackTeam "Club d'Echecs de Guyancourt"]

{Gambit dame} 1. d4 d5 2. c4 e6 3. Nc3 Nf6 4. Bg5 c6 5. Nf3 Bd6 6. c5 Bc7 7.
Qc2 O-O 8. e4 h6 9. Bxf6 Qxf6 10. e5 Qd8 11. Bd3 b6 12. b4 a5 13. b5 bxc5 14.
dxc5 Qe7 15. Ne2 Nd7 16. Rc1 Nxe5 17. Nxe5 Bxe5 18. bxc6 Ba6 19. O-O Bxd3 20.
Qxd3 Rac8 21. Qb5 Ra8 22. f4 Rfb8 23. Qd3 Bf6 24. f5 Rb2 25. fxe6 Qxe6 26. Nf4
Qxc6 27. Nxd5 Bg5 28. Qf3 Qg6 29. Ne7+ Bxe7 30. Qxa8+ Kh7 31. Qf3 Bg5 32. Ra1
Bf6 33. a4 Bd4+ 34. Kh1 Rb4 35. Rad1 Rxa4 36. Qf5 Bxc5 37. Qxc5 Ra2 38. Rg1 a4
39. Qd5 Rb2 40. Qd3 f5 41. Qa3 Qb6 42. Qxa4 g5 43. Qd7+ Kg6 44. Rd6+ Kh5 45.
Rxb6 Rxb6 46. Qxf5 Rd6 47. g4+ Kh4 48. Qf2+ Kh3 49. Qg3# 1-0

[Event "24e tournoi de Noël"]
[Site "Montigny le Bretonneux"]
[Date "2025.12.28"]
[Round "4.17"]
[White "Archet, Jean-Claude"]
[Black "Orfila, Leila"]
[Result "1-0"]
[WhiteElo "1518"]
[BlackElo "1299"]
[Annotator "Rivier,Sylvain"]
[PlyCount "57"]
[EventDate "2025.??.??"]
[WhiteTeam "Club 608 d'Echecs Paris"]
[BlackTeam "Club d'Echecs de Guyancourt"]

{Partie italienne, guiocco piano} 1. e4 e5 2. Nf3 Nc6 3. Bc4 Bc5 4. c3 Nf6 5.
d4 exd4 6. cxd4 Bb6 7. d5 Nb4 8. e5 Qe7 9. O-O Ng4 10. a3 Na6 11. h3 Nxe5 12.
Nxe5 Qxe5 13. Re1 d6 14. Rxe5+ dxe5 15. d6 O-O 16. d7 Bxd7 17. Qxd7 Rad8 18.
Qg4 c5 19. Be3 Bc7 20. Nc3 Rd6 21. Nd5 Bb8 22. Bh6 Rxh6 23. Rd1 Rd6 24. Ne7+
Kh8 25. Rxd6 Bxd6 26. Nd5 Rd8 27. Qg5 Nc7 28. Bd3 Nxd5 29. Qxd8+ 1-0

[Event "24e tournoi de Noël"]
[Site "Montigny le Bretonneux"]
[Date "2025.12.28"]
[Round "4.18"]
[White "U'Ren, Gregory"]
[Black "Couradin, Bruno"]
[Result "0-1"]
[WhiteElo "1399"]
[BlackElo "1517"]
[Annotator "Rivier,Sylvain"]
[PlyCount "94"]
[EventDate "2025.??.??"]
[WhiteTeam "ECHECS 78"]
[BlackTeam "La Dame Noire"]

{Partie du pion dame} 1. d4 e6 2. g3 Nf6 3. Nc3 d5 4. Bg2 Nc6 5. Nf3 Bb4 6. O-O
O-O 7. Bd2 Bxc3 8. Bxc3 Ne4 9. Bd2 Qf6 10. Be3 Bd7 11. c3 Rfe8 12. Qc1 h6 13.
Bf4 Rac8 14. Ne5 Nxe5 15. Bxe5 Qg6 16. f3 Nd6 17. b3 f6 18. Bf4 e5 19. Be3 c6
20. c4 exd4 21. Bf4 Nf7 22. Re1 Ng5 23. Bxg5 fxg5 24. g4 Re3 25. Qd2 Qf6 26.
Rac1 Rce8 27. cxd5 cxd5 28. Rc7 Bc6 29. a4 Qe5 30. Rxc6 bxc6 31. b4 Rxe2 32.
Rxe2 Qxe2 33. Qxe2 Rxe2 34. Bf1 Rb2 35. b5 c5 36. Bd3 c4 37. Bf5 Kf7 38. Kf1 d3
39. Bxd3 cxd3 40. Ke1 Ke6 41. Kd1 Ke5 42. a5 Rxb5 43. Kd2 Kd4 44. a6 Rb2+ 45.
Ke1 Rxh2 46. Kd1 Kc3 47. Ke1 d2+ 0-1

[Event "24e tournoi de Noël"]
[Site "Montigny le Bretonneux"]
[Date "2025.12.28"]
[Round "4.19"]
[White "Bouloc, Roger"]
[Black "Pages, Clement"]
[Result "0-1"]
[WhiteElo "1419"]
[BlackElo "1433"]
[Annotator "Rivier,Sylvain"]
[PlyCount "118"]
[EventDate "2025.??.??"]
[WhiteTeam "La Dame Noire"]
[BlackTeam "L'Hay les Roses Echecs et Mat"]

{Gambit letton} 1. e4 e5 2. Nf3 d5 3. Nxe5 Bd6 4. d4 dxe4 5. Nc3 Bxe5 6. Nxe4
Qxd4 7. Qxd4 Bxd4 8. Bd3 Nf6 9. O-O Nxe4 10. Bxe4 O-O 11. c3 Bb6 12. b4 c6 13.
Bf4 Be6 14. a4 Nd7 15. a5 Bd8 16. a6 b6 17. Rfc1 Rc8 18. c4 Be7 19. b5 cxb5 20.
cxb5 Rxc1+ 21. Rxc1 Nc5 22. Bc6 Rd8 23. Bc7 Rd2 24. Bxb6 axb6 25. a7 Rd8 26.
Ra1 g6 27. a8=Q Rxa8 28. Rxa8+ Kg7 29. Rb8 Na4 30. Rb7 Bc5 31. Kf1 Bc4+ 32. Ke1
Bb4+ 33. Kd1 Nc3+ 34. Kc1 Ba5 35. h4 Kf6 36. g4 Nxb5 37. Bxb5 Bxb5 38. f4 h6
39. Kd1 Bc4 40. Ra7 g5 41. fxg5+ hxg5 42. h5 Kg7 43. Rc7 b5 44. Ra7 Bb6 45. Rb7
Bd4 46. Kd2 Be5 47. Rb6 Bf4+ 48. Ke1 Be6 49. Rxb5 Bxg4 50. Kf2 Bxh5 51. Rb4 Kg6
52. Rb5 f6 53. Rc5 g4 54. Kg2 Bd6 55. Rd5 Be5 56. Rc5 Kf5 57. Rc8 g3 58. Rh8
Kg5 59. Re8 Bxe8 0-1

[Event "24e tournoi de Noël"]
[Site "Montigny le Bretonneux"]
[Date "2025.12.28"]
[Round "4.20"]
[White "Orfila, Hugo"]
[Black "Boussaid, Kais"]
[Result "1-0"]
[WhiteElo "1413"]
[BlackElo "1299"]
[Annotator "Rivier,Sylvain"]
[PlyCount "85"]
[EventDate "2025.??.??"]
[WhiteTeam "Club d'Echecs de Guyancourt"]
[BlackTeam "La Dame Noire"]

{Défense des deux cavaliers} 1. e4 e5 2. Nf3 Nc6 3. Bc4 Nf6 4. Ng5 Qe7 5.
Bxf7+ Kd8 6. Bb3 Nd4 7. Nf7+ Ke8 8. Nxh8 Nxb3 9. axb3 Nxe4 10. Qh5+ g6 11. Nxg6
hxg6 12. Qxg6+ Qf7 13. Qxe4 d6 14. O-O Bf5 15. Qb4 Rb8 16. Rxa7 Bxc2 17. Na3
Qxb3 18. Nxc2 Qxc2 19. Rxb7 Rxb7 20. Qxb7 d5 21. Qxd5 Bd6 22. Qe6+ Kd8 23. Qf6+
Kc8 24. Qf3 Qh7 25. Qh3+ Qxh3 26. gxh3 Bc5 27. b3 Kd7 28. d3 Kd6 29. Kg2 Kd5
30. Kg3 Kd4 31. h4 Kxd3 32. h5 Bf8 33. h6 Bxh6 34. Bxh6 Ke2 35. Rc1 e4 36. b4
Kd3 37. Rxc7 Ke2 38. b5 Kf1 39. b6 e3 40. fxe3 Kg1 41. b7 Kh1 42. b8=Q Kg1 43.
Rc1# 1-0

[Event "24e tournoi de Noël"]
[Site "Montigny le Bretonneux"]
[Date "2025.12.28"]
[Round "4.21"]
[White "Barthere, Gilles"]
[Black "Carbonero, Jean Marc"]
[Result "1-0"]
[WhiteElo "1566"]
[BlackElo "1399"]
[Annotator "Rivier,Sylvain"]
[PlyCount "43"]
[EventDate "2025.??.??"]
[WhiteTeam "CE Le Roi Soleil - Le Chesnay - Versailles"]
[BlackTeam "La Dame Noire"]

{Partie espagnole, déviation au 4e coup} 1. e4 e5 2. Nf3 Nc6 3. Bb5 a6 4. Ba4
b5 5. Bb3 Bb7 6. c3 Na5 7. Bc2 Bd6 8. O-O Nf6 9. Re1 O-O 10. d4 Nc4 11. b3 Nb6
12. dxe5 Ne8 13. exd6 cxd6 14. Ba3 a5 15. Qd3 Bc6 16. e5 g6 17. c4 b4 18. Bb2
Nc8 19. Nbd2 Qc7 20. Qd4 Ng7 21. exd6 Nxd6 22. Qxg7# 1-0

[Event "24e tournoi de Noël"]
[Site "Montigny le Bretonneux"]
[Date "2025.12.29"]
[Round "5.1"]
[White "Klemenz, Luca"]
[Black "Strehse, Nelson"]
[Result "1/2-1/2"]
[WhiteElo "2085"]
[BlackElo "2198"]
[Annotator "Rivier,Sylvain"]
[PlyCount "34"]
[EventDate "2025.??.??"]

{Ouverture du pion dame} 1. d4 e6 2. c4 b6 3. a3 Bb7 4. Nc3 Nf6 5. d5 exd5 6.
cxd5 Bc5 7. Nf3 O-O 8. g3 Re8 9. Bg2 c6 10. O-O cxd5 11. Nh4 Na6 12. Nf5 Nc7
13. b4 Bf8 14. Re1 Ne4 15. Bb2 d6 16. Rc1 Rc8 17. e3 Nf6 1/2-1/2

[Event "24e tournoi de Noël"]
[Site "Montigny le Bretonneux"]
[Date "2025.12.29"]
[Round "5.2"]
[White "Arutyunov, Mikael"]
[Black "Langner, Jasper"]
[Result "0-1"]
[WhiteElo "1791"]
[BlackElo "2052"]
[Annotator "Rivier,Sylvain"]
[PlyCount "82"]
[EventDate "2025.??.??"]
[WhiteTeam "Tours et Detours Club d'Echecs Centre Brie"]

{Ouverture anglaise, défense Caro-Kann} 1. Nf3 Nf6 2. b3 d5 3. Bb2 Bf5 4. e3
e6 5. c4 c6 6. Nc3 h6 7. Be2 Nbd7 8. d4 Bd6 9. O-O O-O 10. Bd3 Ne4 11. h3 Bh7
12. Bxe4 dxe4 13. Nd2 Qh4 14. Qg4 Qxg4 15. hxg4 f5 16. gxf5 exf5 17. c5 Bc7 18.
Nc4 Nf6 19. Rad1 Rfd8 20. b4 Bg6 21. Ne5 Bh5 22. f3 Re8 23. Rde1 exf3 24. Nxf3
Bg3 25. Rd1 Ng4 26. Ne2 Bc7 27. d5 Nxe3 28. d6 Nxd1 29. dxc7 Nxb2 30. Nf4 Bxf3
31. Rxf3 Rac8 32. Rb3 Nc4 33. Rc3 Ne3 34. Ra3 a6 35. Kf2 Ng4+ 36. Kf3 Rxc7 37.
Ne2 Rce7 38. Ng3 Re3+ 39. Rxe3 Rxe3+ 40. Kf4 g5+ 41. Kxf5 Rxg3 0-1

[Event "24e tournoi de Noël"]
[Site "Montigny le Bretonneux"]
[Date "2025.12.29"]
[Round "5.3"]
[White "Bielle, Lucas"]
[Black "Abdallaoui, Mohamed Mehdi"]
[Result "1-0"]
[WhiteElo "1904"]
[BlackElo "1721"]
[Annotator "Rivier,Sylvain"]
[PlyCount "47"]
[EventDate "2025.??.??"]
[WhiteTeam "CE Le Roi Soleil - Le Chesnay - Versailles"]
[BlackTeam "Club d'Echecs de Guyancourt"]

{Défense française, variante Rubinstein} 1. e4 e6 2. d4 d5 3. Nc3 dxe4 4.
Nxe4 Nd7 5. Nf3 Ngf6 6. Bg5 Be7 7. Nxf6+ Nxf6 8. Bd3 Nd5 9. h4 h6 10. Bd2 Bd6
11. Ne5 Bxe5 12. dxe5 Bd7 13. Qg4 Kf8 14. c4 f5 15. exf6 Nxf6 16. Bb4+ Kg8 17.
Qg3 a5 18. Bc3 h5 19. O-O-O Kf8 20. Rhe1 c5 21. Be4 Rh6 22. Qd6+ Ke8 23. Bxb7
Ra7 24. Rxe6+ 1-0

[Event "24e tournoi de Noël"]
[Site "Montigny le Bretonneux"]
[Date "2025.12.29"]
[Round "5.4"]
[White "Salagnac, Sowan"]
[Black "Payot, Guillaume"]
[Result "1/2-1/2"]
[WhiteElo "1775"]
[BlackElo "1781"]
[Annotator "Rivier,Sylvain"]
[PlyCount "62"]
[EventDate "2025.??.??"]
[WhiteTeam "Saint-Quentin en Yvelines"]
[BlackTeam "CE Le Roi Soleil - Le Chesnay - Versailles"]

{Défense française, variante Winaver} 1. e4 e6 2. d4 d5 3. Nc3 Bb4 4. e5 c5
5. a3 Bxc3+ 6. bxc3 Qa5 7. Bd2 Qa4 8. Qg4 Kf8 9. Ra2 b6 10. Nf3 Ba6 11. Bxa6
Nxa6 12. O-O Ne7 13. Qf4 h6 14. h4 Rc8 15. h5 Ke8 16. Rc1 Kd7 17. Nh4 Rcf8 18.
Qe3 g5 19. Nf3 Nf5 20. Qd3 g4 21. Nh2 Rhg8 22. Be3 g3 23. Nf3 gxf2+ 24. Bxf2 c4
25. Qd2 Rg4 26. Nh2 Rg7 27. g4 Rh8 28. Kh1 Ne7 29. Qf4 Ng8 30. Bh4 Kc8 31. Nf1
Qd7 {suite illisible} 1/2-1/2

[Event "24e tournoi de Noël"]
[Site "Montigny le Bretonneux"]
[Date "2025.12.29"]
[Round "5.5"]
[White "Legranger, Thimote"]
[Black "Kunne, Ronald"]
[Result "1/2-1/2"]
[WhiteElo "1748"]
[BlackElo "1853"]
[Annotator "Rivier,Sylvain"]
[PlyCount "92"]
[EventDate "2025.??.??"]
[WhiteTeam "Cergy Pontoise Echecs"]
[BlackTeam "Club d'Echecs d'Orsay"]

{Défense française, variante d'avance} 1. e4 e6 2. d4 d5 3. e5 c5 4. c3 Nc6
5. Nf3 Bd7 6. Bd3 cxd4 7. cxd4 Qb6 8. Bc2 Nb4 9. Nc3 Nxc2+ 10. Qxc2 Ne7 11. O-O
Nf5 12. Rd1 Be7 13. Bf4 Rc8 14. Rac1 Rc4 15. Qd2 O-O 16. a3 Rfc8 17. Ne2 Qb3
18. Rxc4 Rxc4 19. Rc1 Bc6 20. Rxc4 dxc4 21. Ne1 Qb6 22. Qc3 Qb5 23. Nc2 Qd5 24.
f3 a5 25. Bd2 Bd8 26. Kf2 g5 27. h3 h5 28. g4 hxg4 29. hxg4 Nh4 30. Ng1 b6 31.
Ne3 Qb5 32. Nxc4 Qd5 33. Ne3 Qd7 34. Nc2 f5 35. Ne3 f4 36. Nc2 Bd5 37. Ne1 b5
38. Nd3 Bb6 39. Nc5 Qh7 40. Nd3 Bc4 41. Ne1 Ng6 42. Kg2 Qh4 43. Nd3 Qg3+ 44.
Kh1 Qh4+ 45. Kg2 Qg3+ 46. Kh1 Qh4+ 1/2-1/2

[Event "24e tournoi de Noël"]
[Site "Montigny le Bretonneux"]
[Date "2025.12.29"]
[Round "5.6"]
[White "Imbert, Christophe"]
[Black "Goujon, Antoine"]
[Result "1-0"]
[WhiteElo "1924"]
[BlackElo "1709"]
[Annotator "Rivier,Sylvain"]
[PlyCount "87"]
[EventDate "2025.??.??"]
[WhiteTeam "Club d'Echecs du Vesinet"]
[BlackTeam "CE Le Roi Soleil - Le Chesnay - Versailles"]

{Défense sicilienne, fianchetto accéléré} 1. e4 c5 2. Nf3 g6 3. d4 cxd4 4.
Nxd4 Nf6 5. Nc3 Nc6 6. Nxc6 dxc6 7. Qxd8+ Kxd8 8. Bf4 Bg4 9. f3 Be6 10. g4 Bg7
11. Na4 Nd7 12. O-O-O Ke8 13. Kb1 b5 14. Nc3 Ne5 15. Be2 Nc4 16. Bxc4 Bxc4 17.
Rd2 Bxc3 18. bxc3 Rd8 19. Rhd1 Rxd2 20. Rxd2 Be6 21. Bc7 Bd7 22. Bf4 h5 23. g5
e6 24. Be5 Rh7 25. Bf6 h4 26. h3 Rh5 27. e5 Rh7 28. Kb2 a6 29. Kb3 a5 30. a4
Rh5 31. c4 b4 32. c5 Rh7 33. c3 bxc3 34. Kxc3 Rh5 35. Rb2 Bc8 36. Rb8 Kd7 37.
Ra8 Kc7 38. Rxa5 Kb7 39. Bd8 Kb8 40. Bb6 Bb7 41. Ra7 Rh8 42. a5 Rh7 43. a6 Ba8
44. Re7 1-0

[Event "24e tournoi de Noël"]
[Site "Montigny le Bretonneux"]
[Date "2025.12.29"]
[Round "5.7"]
[White "Artieres, Michel"]
[Black "Couradin, Jean-Marie"]
[Result "1-0"]
[WhiteElo "1808"]
[BlackElo "1628"]
[Annotator "Rivier,Sylvain"]
[PlyCount "91"]
[EventDate "2025.??.??"]
[WhiteTeam "La Dame Noire"]
[BlackTeam "La Dame Noire"]

{Défense Philidor} 1. e4 d6 2. d4 Nf6 3. Nc3 e5 4. Nf3 Nbd7 5. Bc4 Be7 6.
Bxf7+ Kxf7 7. Ng5+ Kg8 8. Ne6 Qe8 9. Nxc7 Qg6 10. O-O Rb8 11. dxe5 Nxe5 12. f4
Bh3 13. g3 Bxf1 14. fxe5 dxe5 15. Qxf1 h6 16. Be3 b6 17. Qa6 Kh7 18. Qxa7 Nxe4
19. N7d5 Bc5 20. Bxc5 bxc5 21. Nxe4 Rhf8 22. Ndc3 Rxb2 23. Qxc5 Qf5 24. Qe3
Rxc2 25. a4 Qh3 26. Ne2 Ra2 27. Re1 Rxa4 28. Nf2 Qf5 29. Nc3 Ra3 30. g4 Qc2 31.
Qe4+ Qxe4 32. Ncxe4 Rfa8 33. Kg2 Kg6 34. Rb1 R8a6 35. Rb5 R3a5 36. Rb7 Ra7 37.
Rb6+ Kh7 38. h4 Rf7 39. g5 g6 40. h5 gxh5 41. g6+ Kg7 42. gxf7 Kxf7 43. Rxh6
Ra2 44. Rxh5 Ke6 45. Rh6+ Kf5 46. Rf6# 1-0

[Event "24e tournoi de Noël"]
[Site "Montigny le Bretonneux"]
[Date "2025.12.29"]
[Round "5.8"]
[White "Appavou, Calixte"]
[Black "Corbillet, Mathieu"]
[Result "1-0"]
[WhiteElo "1804"]
[BlackElo "1679"]
[Annotator "Rivier,Sylvain"]
[PlyCount "86"]
[EventDate "2025.??.??"]
[WhiteTeam "Saint-Quentin en Yvelines"]
[BlackTeam "La Dame Noire"]

{Partie écossaise} 1. e4 e5 2. Nf3 Nc6 3. d4 exd4 4. Nxd4 Qh4 5. Nc3 Bb4 6.
Ndb5 Ba5 7. Bd3 a6 8. Na3 b5 9. O-O b4 10. Nc4 bxc3 11. Nxa5 Nxa5 12. bxc3 Ne7
13. f4 Bb7 14. Rf3 Qh5 15. Qe1 Qc5+ 16. Be3 Qc6 17. Bd4 O-O-O 18. c4 Nxc4 19.
Qb4 Nd6 20. Rb1 Nb5 21. Bf2 Ng6 22. c4 Nd6 23. e5 Nxf4 24. Bf1 Nxc4 25. Rxf4
Nxe5 26. Qd2 g5 27. Rfb4 d6 28. Rxb7 h5 29. Rb8+ Kd7 30. Rxd8+ Rxd8 31. Rc1 Qe4
32. Re1 Qf5 33. Bxa6 h4 34. Bd4 Re8 35. Rf1 Qg4 36. Bxe5 Rxe5 37. h3 Qa4 38.
Bd3 Qd4+ 39. Kh1 Ke7 40. Qc2 c5 41. Be2 f5 42. Bh5 c4 43. a4 f4 1-0